书目信息 |
| 题名: |
计算流体力学的若干新方法
|
|
| 作者: | 刘儒勋 , 舒其望 著 | |
| 分册: | ||
| 出版信息: | 北京 科学出版社 2003 |
|
| 页数: | 244页 | |
| 开本: | 24cm | |
| 丛书名: | 研究生数学教学系列 | |
| 单 册: | ||
| 中图分类: | O35 | |
| 科图分类: | ||
| 主题词: | 计算流体力学--ji suan liu ti li xue--研究生--教材 | |
| 电子资源: | ||
| ISBN: | 7-03-010645-8 | |
| 000 | 00900nam0 2200277 45 | |
| 001 | CAL 012003104461 | |
| 005 | 20051208082225.63 | |
| 010 | @a7-03-010645-8@dCNY32.00 | |
| 100 | @a20020822d2003 ekmy0chiy0121 ea | |
| 101 | 0 | @achi |
| 102 | @aCN@b110000 | |
| 105 | @aak a 000yy | |
| 200 | 1 | @a计算流体力学的若干新方法@Aji suan liu ti li xue de ruo gan xin fang fa@f刘儒勋, 舒其望著 |
| 210 | @a北京@c科学出版社@d2003 | |
| 215 | @a244页@c图@d24cm | |
| 225 | 2 | @a研究生数学教学系列@Ayan jiu sheng shu xue jiao xue xi lie@i理工类@v12 |
| 320 | @a有书目 (第221-234页) | |
| 410 | 0 | @12001 @a研究生数学教学系列@v12 |
| 410 | 0 | @12001 @a理工类 |
| 606 | 0 | @a计算流体力学@Aji suan liu ti li xue@x研究生@j教材 |
| 690 | @aO35@v4 | |
| 701 | 0 | @a刘儒勋@Aliu ru xun@4著 |
| 701 | 0 | @a舒其望@Ashu qi wang@4著 |
| 801 | 0 | @aCN@bNUL@c20051208 |
| 801 | 2 | @aCN@bDUTL@c20030904 |
| 905 | @a10447@dO35@eL660 | |
| 计算流体力学的若干新方法/刘儒勋, 舒其望著.-北京:科学出版社,2003 |
| 244页:图;24cm.-(研究生数学教学系列.理工类;12) |
| ISBN 7-03-010645-8:CNY32.00 |
| ● |
| 相关链接 |
|
|
|
正题名:计算流体力学的若干新方法
索取号:O35/L660
 
预约/预借
| 序号 | 登录号 | 条形码 | 馆藏地/架位号 | 状态 | 备注 |
| 1 | 545410 | 205454104 | 自科库401/401自科库 53排3列5层/ [索取号:O35/L660] | 在馆 | |
| 2 | 545411 | 205454113 | 自科库401/401自科库 53排3列5层/ [索取号:O35/L660] | 在馆 | |
| 3 | 545412 | 205454122 | 自科库401/401自科库 53排3列5层/ [索取号:O35/L660] | 在馆 |